| 000 | 01276nam a2200337 a 4500 | ||
|---|---|---|---|
| 001 | vtls000197834 | ||
| 003 | NLI | ||
| 005 | 20210602114117.0 | ||
| 008 | 101125s1977 gw 000 eng | ||
| 039 | 9 |
_y201011252332 _zVLOAD |
|
| 040 | 0 |
_aNLI _beng _cVERGIS-2010 _eAACR2 |
|
| 041 | 1 |
_aeng _hger |
|
| 044 | _agw | ||
| 082 | 0 | 4 | _a830.9 |
| 100 | 1 |
_aMartinson, Steven D, _d1949- _9379672 |
|
| 245 | 1 | 0 |
_aOn imitation, imagination and beauty : _ba critical reassessment of the concept of the literary artist during the early German "Aufklarung" / _cby Steven D. Martinson |
| 250 | _a1. Aufl. | ||
| 260 |
_aBonn : _bBouvier, _c1977 |
||
| 300 |
_ax, 197 p ; _c25 cm. |
||
| 440 | 0 |
_aAbhandlungen zur Kunst-, Musik- und Literaturwissenschaft ; _vBd. 258 _9379673 |
|
| 650 | 0 |
_aGerman literature _y18th century _xHistory and criticism _9141309 |
|
| 650 | 0 |
_aEnlightenment _zGermany _9253292 |
|
| 650 | 0 |
_aCriticism _zGermany _xHistory _9103977 |
|
| 651 | 0 |
_aGermany _xIntellectual life _9250921 |
|
| 887 | _a | ||
| 901 |
_a458780 _b18.03.1980 |
||
| 902 | _aE 830.9 M 366 | ||
| 949 |
_AVIRTUAITEM _D10000 _X100 _6PUR000458780ENG |
||
| 942 |
_2ddc _cBKS |
||
| 999 |
_aVIRTUA40 _c204591 _d204591 |
||
| 999 | _aVTLSSORT0080*0400*0410*0440*0820*1000*2450*2500*2600*3000*4400*6500*6501*6502*6510*9010*9020*9490*9991 | ||